000 00535nam a2200169Ia 4500
003 GCL
008 140319s9999 xx 000 0 ara d
040 _aGCL /
_cGCL
082 0 4 _aد
_b050
100 1 _aاحمد العشرى
245 1 0 _aالمسرحية السياسية فى الوطن العربى ( اقرا 516 ) /
_cاحمد العشرى
300 _a102 ص
490 _aوثائق ونصوص
_v0
650 0 4 _aالمسرحية العربية
650 0 4 _aالمسرح - الجوانب السياسية
942 _2ddc
_cCF
999 _c27391
_d27391